Land-use law : issues for the eighties /

Bibliographic Details
Other Authors: Netter, Edith
Format: Book
Language:English
Published: Washington, D.C. : Planners Press, American Planning Association, [1981-]
Subjects:

MARC

Tag First Indicator Second Indicator Subfields
LEADER 00000cam a2200000 a 4500
001 in00000089205
005 20151008065342.0
008 820403m19819999dcu b 00000 eng
010 |a  81083016  
020 |a 0918286247 (pbk. : v. 1) 
035 |a (OCoLC)07853393 
035 |9 AAK5800AM 
040 |a DLC  |c DLC  |d m/c  |d TXA  |d UtOrBLW 
043 |a n-us--- 
049 |a TXAM  |d [  |v = pt.]  |v 1 [1561395]  |v 2 [A10978202] 
050 0 0 |a KF5698.A5  |b L37 
082 0 |a 346.7304/5  |a 347.30645  |2 19 
245 0 0 |a Land-use law :  |b issues for the eighties /  |c edited by Edith Netter. 
264 1 |a Washington, D.C. :  |b Planners Press, American Planning Association,  |c [1981-] 
264 4 |c ©1981- 
300 |a volumes ;  |c 28 cm. 
336 |a text  |b txt  |2 rdacontent 
337 |a unmediated  |b n  |2 rdamedia 
338 |a volume  |b nc  |2 rdacarrier 
504 |a Includes legal citations and bibliographical references. 
650 0 |a Land use  |x Law and legislation  |z United States. 
650 0 |a Government liability  |z United States. 
700 1 |a Netter, Edith. 
999 |a MARS 
999 f f |s 85fbf015-f5f1-37bf-ad24-1e4315da6bca  |i 314c3aff-091d-3d5f-9eab-844bc672b827  |t 0 
952 f f |p ric  |a Texas A&M University  |b Rellis Campus  |c Joint Library Facility  |d Remote Storage  |t 0  |e KF5698.A5 L37  |h Library of Congress classification  |i unmediated -- volume  |k pt.1  |m A14806156547 
952 f f |p ric  |a Texas A&M University  |b Rellis Campus  |c Joint Library Facility  |d Remote Storage  |t 0  |e KF5698.A5 L37  |h Library of Congress classification  |i unmediated -- volume  |k pt.2  |m A14810978202 
998 f f |a KF5698.A5 L37  |s pt.1-pt.2  |t 0  |l Remote Storage